<?xml version="1.0" encoding="UTF-8"?><?xml-stylesheet type="text/xsl" href="static/style.xsl"?><OAI-PMH xmlns="http://www.openarchives.org/OAI/2.0/" xmlns:xsi="http://www.w3.org/2001/XMLSchema-instance" xsi:schemaLocation="http://www.openarchives.org/OAI/2.0/ http://www.openarchives.org/OAI/2.0/OAI-PMH.xsd"><responseDate>2026-04-28T20:58:23Z</responseDate><request verb="GetRecord" identifier="oai:uvadoc.uva.es:10324/82002" metadataPrefix="marc">https://uvadoc.uva.es/oai/request</request><GetRecord><record><header><identifier>oai:uvadoc.uva.es:10324/82002</identifier><datestamp>2026-01-22T20:05:34Z</datestamp><setSpec>com_10324_38</setSpec><setSpec>col_10324_852</setSpec></header><metadata><record xmlns="http://www.loc.gov/MARC21/slim" xmlns:doc="http://www.lyncode.com/xoai" xmlns:xsi="http://www.w3.org/2001/XMLSchema-instance" xmlns:dcterms="http://purl.org/dc/terms/" xsi:schemaLocation="http://www.loc.gov/MARC21/slim http://www.loc.gov/standards/marcxml/schema/MARC21slim.xsd">
<leader>00925njm 22002777a 4500</leader>
<datafield tag="042" ind1=" " ind2=" ">
<subfield code="a">dc</subfield>
</datafield>
<datafield tag="720" ind1=" " ind2=" ">
<subfield code="a">Carrera Mateo, Rodrigo Alejandro</subfield>
<subfield code="e">author</subfield>
</datafield>
<datafield tag="260" ind1=" " ind2=" ">
<subfield code="c">2025</subfield>
</datafield>
<datafield tag="520" ind1=" " ind2=" ">
<subfield code="a">El objetivo general de este Trabajo de Fin de Grado es diseñar una propuesta de&#xd;
intervención didáctica dirigida a la enseñanza del parkour en el área de Educación Física&#xd;
para una clase de 6º de Educación Primaria. En base a la legislación vigente (LOMLOE&#xd;
y BOCyL), se diseña una Unidad Didáctica de 10 sesiones que aborda la intervención&#xd;
haciendo uso de metodologías activas, cooperativas y fomentando el desarrollo de las&#xd;
competencias clave, habilidades motrices y los valores personales.</subfield>
</datafield>
<datafield tag="520" ind1=" " ind2=" ">
<subfield code="a">The general objective of this Final Degree Project is to design a didactic intervention&#xd;
proposal aimed at teaching parkour within the area of Physical Education for a 6th grade&#xd;
Primary Education class. Based on current legislation (LOMLOE and BOCyL), a&#xd;
Didactic Unit consisting of 10 sessions is designed, addressing the intervention through&#xd;
the use of active and cooperative methodologies, while promoting the development of&#xd;
key competencies, motor skills, and personal values.</subfield>
</datafield>
<datafield tag="024" ind2=" " ind1="8">
<subfield code="a">https://uvadoc.uva.es/handle/10324/82002</subfield>
</datafield>
<datafield tag="245" ind1="0" ind2="0">
<subfield code="a">Saltando hacia el futuro: propuesta de intervención sobre el parkour en Educación Primaria</subfield>
</datafield>
</record></metadata></record></GetRecord></OAI-PMH>